| 000 | 00489nam a2200157Ia 4500 | ||
|---|---|---|---|
| 003 | LK-CoDNM | ||
| 008 | 010623t1977 xxu||||| |||| 00| 1 sin d | ||
| 040 |
_aLK-CoDNM _dLK-CoDNM _eLK-CoDNM |
||
| 041 | _asin | ||
| 080 |
_a(x)398.4 _bKAP |
||
| 245 | _aකැපුන් සිරසපාදය සහ මැණික්පාල ශාන්තිය | ||
| 246 | _aKapun Sirasapadaya saha Manikpala Santiya | ||
| 260 |
_bRathnakara _aColombo _c1977 |
||
| 300 | _b22p, 21 cm | ||
| 942 | _cBK | ||
| 999 |
_c110209 _d110209 |
||